000 00891nam a2200253Ia 4500
003 OSt
005 20220923211045.0
006 a|||||r|||| 00| 0
007 ta
008 220922b |||||||| |||| 00| 0 hin d
020 _a8174532706 (hbk)
_c300
024 _a234,656
037 _b345, 13/03/2008, Swaraj Prakashan
_cTextual
040 _aARTS
_cARTS
_bhin
041 _2hin
_ahin
082 _aO152,1J:g(Y), P6
100 _aरवि कुमार, अनु, संपा.
_9157691
245 0 _aमध्यकालीन लोक चेतना
246 _aMadhyakālīn lok chetanā
260 _aदिल्ली
_b संजय प्रकाशन
_c2006
300 _a173पृ.
_ccm.
942 _hO152,1J:g(Y), P6
_cTEXL
_2CC
999 _c294611
_d294611